000 00871nam a2200253Ia 4500
003 OSt
005 20221005113440.0
006 a|||||r|||| 00| 0
007 ta
008 221004b |||||||| |||| 00| 0 eng d
020 _a9788178836171 (hbk)
024 _a8593
037 _bGift, 21/08/2013,
_cTextual
040 _aCRL
_cCRL
_beng
041 _2eng
_aeng
082 _aO153,1:g, Q0
100 _aਯੋਗਰਾਜ
245 0 _aਆਧੁਨਿਕ ਪੰਜਾਬੀ ਕਾਵਿ ਧਾਰਾਵਾਂ ਦਾ ਸੁਹਜ ਾਸਤਰ
_b ਆਲੋਚਨਾ
260 _aਲੁਧਿਆਣਾ
_bਚੇਤਨਾ ਪ੍ਰਕਾਨ ਭਾਰਤ
_c2010
300 _a267ਪੰ
_ccm.
650 _aਪੰਜਾਬੀ ਸਾਹਿਤ
942 _hO153,1:g, Q0
_cTEXL
_2cc
999 _c1028218
_d1028218